|
|
|
|
| LEADER |
01186nas a2200289 a 4500 |
| 001 |
c000166117 |
| 003 |
CARM |
| 005 |
19911030000000.0 |
| 008 |
911030s enk 0 0eng d |
| 019 |
1 |
|
|a 8540800
|5 LACONCORD2021
|
| 035 |
|
|
|a (OCoLC)5527339
|5 LACONCORD2021
|
| 040 |
|
|
|a TU
|b eng
|c TU
|
| 110 |
1 |
|
|a Great Britain.
|b Colonial Office.
|
| 245 |
1 |
0 |
|a Report on Jamaica.
|
| 260 |
|
|
|a London :
|b H.M. Stationery Off.
|
| 300 |
|
|
|a v. in . fold. map. ;
|c 25 cm. annual.
|
| 490 |
0 |
|
|a Its Colonial reports.
|
| 500 |
|
|
|a Previously issued in the numbered series of "Colonial reports--annual" which was suspended in 1940.
|
| 500 |
|
|
|a Title varies: 1946-48, Annual report on Jamaica.
|
| 650 |
|
0 |
|a Jamaica.
|
| 852 |
8 |
|
|b CARM
|h A2:AJ23A0
|i B04873
|p 0210963
|f SE
|
| 852 |
8 |
|
|b CARM
|h A2:AJ15B0
|i B04807
|p 0210964
|f SE
|
| 866 |
|
0 |
|a 1947-1961
|
| 866 |
|
|
|a 1947-1961
|
| 999 |
f |
f |
|i c579b294-1700-5b84-ab38-0c35d44e2668
|s 482b57ad-f7e7-5860-ad57-3023a0dfb3d7
|
| 952 |
f |
f |
|p Can circulate
|a CAVAL
|b CAVAL
|c CAVAL
|d CARM 1 Store
|e B04807
|f A2:AJ15B0
|h Other scheme
|i book
|k 1955-1961
|m 0210964
|
| 952 |
f |
f |
|p Can circulate
|a CAVAL
|b CAVAL
|c CAVAL
|d CARM 1 Store
|e B04873
|f A2:AJ23A0
|h Other scheme
|i book
|k 1947-1954
|m 0210963
|